| 000 | 00584nam a2200193 4500 | ||
|---|---|---|---|
| 005 | 20241021152931.0 | ||
| 010 | _aENG-142204 | ||
| 020 |
_c175.00 _a9788125053781 |
||
| 035 | _aEN-125736 | ||
| 037 | _bDBAD | ||
| 082 | _a425 | ||
| 100 |
_aBoard of Editors _973080 |
||
| 245 |
_aSure Outcomes: _cby Board of Editors _bEnglish for Engineers and Technologists/ |
||
| 250 | _aFirst | ||
| 260 |
_aHyderabad _bOrient Blackswan Private Limited _c2013 |
||
| 270 |
_a3-6-752, Himayatnagar _bHyderabad _e500029 |
||
| 300 |
_a323p. _c26cm(hb) |
||
| 942 |
_2ddc _cEN _h425 _mSUR |
||
| 999 |
_c206531 _d206531 |
||